IL MANIFIESTO: TESIS DE UNA DISIDENCIA COMUNISTA/

Sparad:
Bibliografiska uppgifter
Huvudupphov: Rossanda, Rossana (autor)
Materialtyp: Bok
Serie:EL HOMBRE Y SU TIEMPO
Ämnen:
Taggar: Lägg till en tagg
Inga taggar, Lägg till första taggen!

MARC

LEADER 00000nam^a2200000^a^4500
001 000223212
005 20250521000000.0
009 20260310104010.336
035 |a 041834 
037 |a Acervo Xavier Clavigero 
082 |a 320. 5320945  |b ROS 
100 |a Rossanda, Rossana  |e (autor) 
245 1 3 |a IL MANIFIESTO:  |b TESIS DE UNA DISIDENCIA COMUNISTA/  |c ROSSANA ROSSANDA 
264 |a MEXICO :  |b ERA,  |c 1971 
300 |a 441p. 
336 |a texto  |b txt  |2 rdacontenido 
337 |a sin mediación  |b n  |2 rdamedio 
338 |a volumen  |b nc  |2 rdasoporte 
440 |a EL HOMBRE Y SU TIEMPO 
649 |a XX 
650 |a Comunismo -  |z Italia 
910 |a Fondo General 
920 |a Impresos - Libros 
930 |a Colección General 
905 |a 101 
901 |a 041834  |b IT1  |c ACC  |i 041834  |u 20250521 
902 |a https://opac.biblio.iteso.mx/vufind/Record/000223212